Foods Made From Yarn Quiz Stats

Quiz Updated Nov 10, 2015

Also try: Knitted Animals
Challenge
Share
Tweet
Score 0/20 Timer 03:00
0 Plays Today
Column % Correct
Carrots
99.5%
Bananas
99.5%
Apple
99%
Ice cream
98.7%
Toast
98.4%
Doughnuts
98.1%
Fried egg
98.1%
Cupcakes
98%
Peas
97.9%
Watermelon
97.6%
Column % Correct
Lobster
97%
Strawberries
96.7%
Pear
96.1%
Bacon
95.4%
Garlic
95.3%
Mushrooms
94.5%
Croissant
88.4%
Spaghetti and meatballs
88.3%
Fish and chips
87.1%
Pumpkin pie
83.1%

You're not logged in!

Compare scores with friends on all Sporcle quizzes.
Join for Free
OR
Log In

You Might Also Like...

Show Comments

Extras

Top Quizzes Today


Score Distribution

Your Account Isn't Verified!

In order to create a playlist on Sporcle, you need to verify the email address you used during registration. Go to your Sporcle Settings to finish the process.

Report this User

Report this user for behavior that violates our Community Guidelines.

Details: